Šťastnou cestu /

Hlavní autor: Junek, Václav, 1913-1976
Jazyk: Čeština
Vydáno: Praha : Václav Naňka, [1948]
Fyzický popis: 1 nestránkovaný sv.
Knihy
Uloženo v:
LEADER 00560nam a22001691a 4500
001 000719303
003 CZ BrMZK
005 20100722124848.0
008 040602s1948 xr f cze
040 |a BOA001  |b cze  |c BOA001 
100 1 |a Junek, Václav,  |d 1913-1976  |7 jk01052158  |4 ill 
245 1 0 |a Šťastnou cestu /  |c kreslil Václav Junek 
260 |a Praha :  |b Václav Naňka,  |c [1948] 
300 |a 1 nestránkovaný sv. 
910 |a BOA001  |b PK-I-0025.529 
990 |a BK 
996 7 |b 3119693365  |c PK-I-0025.529  |l MZK  |r Sklad / do 1 hodiny  |n 1  |w 000719303  |u 000010  |a 1  |e BOA001  |j MZK50  |s A